| 000 | 00709cas a22001935a 4500 | ||
|---|---|---|---|
| 001 | L149464 | ||
| 008 | 070613c1963 xxkwr p 0 a0eng | ||
| 022 | 1 | _a1534-8784 | |
| 035 | _a(Sirsi) u149464 | ||
| 041 | 0 | _aeng | |
| 245 |
_aHousing Finance International _h[electronic resource] |
||
| 260 |
_aBrussels _bInternational Union for Housing Finance _c2001- |
||
| 520 | _aEach issue focuses on a country, region or topic of current interest. | ||
| 651 | 4 | _aInternational | |
| 690 | _aPROPERTY-RESIDENTIAL PROPERTY-RESIDENTIAL PROPERTY MARKET | ||
| 856 | 4 | 1 |
_uhttps://www.rics.org/profession-standards/knowledge-and-information-services _zHow to access eJournals |
| 942 |
_n0 _2ddc |
||
| 948 | _c08/03/2010 | ||
| 999 |
_c119264 _d119264 |
||